000 00676nam a22002172 4500
001 17132
003 BD-RjUL
005 20211209000107.0
008 140216t1964 enk 000 0 eng d
035 _a(BD-RjUL)17189
040 _aEUN
_cEUN
_dEQO
_dBD-RjUL
_beng
041 _aeng
082 0 4 _a666
_bBUT 1964
100 1 _aBudnikov, P. P.
_q(Petr Petrovich),
_d1885-1968.
_952847
245 1 4 _aThe technology of ceramics and refractories /
_cP.P. Budnikov ; translation by Scripta Technica.
260 _aCambridge :
_bM.I.T.,
_cc1964.
300 _aviii, 647 p. :
_bill. ;
_c25 cm.
650 0 _aCeramics.
_928816
650 0 _aRefractory materials.
_952848
942 _2ddc
_cBK
999 _c17132
_d17132